El ser. Conocer trascendental

Guardat en:
Dades bibliogràfiques
Autor principal: Alcorta, José Ignacio (Autor)
Format: Llibre
Idioma:espanyol
Publicat: Barcelona Herder 1975
Edició:2a. ed
Col·lecció:Investigaciones Noológicas Acerca del Realismo Trascendental, 1
Matèries:
Etiquetes: Afegir etiqueta
Sense etiquetes, Sigues el primer a etiquetar aquest registre!

MARC

LEADER 00000nam a2200000 a 4500
001 UCJ9551
003 CL-VaPUC
008 070323e19750000SP |||||||||||||||||spa|d
020 |a 8425410207 
082 0 4 |a 111  |b ALC  |2 21 
100 0 |a Alcorta, José Ignacio  |e author  |9 519527 
245 1 3 |a El ser. Conocer trascendental 
250 |a 2a. ed 
300 |a 335 p 
942 |c BK 
945 |d 20070323 00:00:00  |a cmena 
260 |a Barcelona  |b Herder  |c 1975 
650 0 |a Ontología   |9 256850 
650 0 |a Metafísica  |9 265649 
650 7 |a SER  |2 CL-VaPUC  |9 320176 
650 0 |a Teoría del conocimiento   |9 255038 
650 0 |a Idealismo  |9 265685 
650 0 |a Realismo  |9 259117 
583 |a last modification  |c 20070323 00:00:00  |k Rodrigo Vera 
490 0 |a Investigaciones Noológicas Acerca del Realismo Trascendental, 1 
999 |c 325012  |d 325010 
952 |0 0  |1 0  |4 0  |6 111_000000000000000_ALC_1975  |7 0  |8 A  |9 405455  |a BIBTEO  |b BIBTEO  |d 2019-11-22  |i 4244990  |o 111 ALC 1975  |p 4244990  |r 2025-01-17  |w 2019-11-22  |y BK  |k ICR